El Secreto de una riqueza : documental agrícola presentada por la ponencia de agricultura de la Diputación Provincial de Barcelona / guión y asesoramiento de sus Servicios Técnicos de Agricultura documental agrícola presentada por la ponencia de agricultura de la Diputación Provincial de Barcelona / guión y asesoramiento de sus Servicios Técnicos de Agricultura
Descripción Física:
15 p. ; 19 cm
MARC
| LEADER | 00000nam a2200000Ia 4500 | ||
|---|---|---|---|
| 001 | 10936 | ||
| 008 | 160829s9999 xx 000 0 cat d | ||
| 080 | |a FU-2-60 | ||
| 245 | |a El Secreto de una riqueza : |b documental agrícola presentada por la ponencia de agricultura de la Diputación Provincial de Barcelona / guión y asesoramiento de sus Servicios Técnicos de Agricultura | ||
| 260 | |a (San Juan de Vilasar : |b Imp. García), [s.a.: |b 194 - ?] | ||
| 300 | |a 15 p. ; |c 19 cm | ||
| 610 | 1 | 0 | |a Barcelona (Catalunya : Província). |b Diputació |9 52408 |
| 650 | |a Agricultura |9 24522 | ||
| 710 | 1 | |a Barcelona (Catalunya : Província). |b Servicios Técnicos de Agricultura |9 54614 | |
| 901 | |a Arxiu | ||
| 942 | |n 1 | ||
| 952 | |0 0 |1 0 |4 0 |6 FU260 |7 1 |9 45324 |a Arxiu |b Arxiu |d 2016-12-01 |l 0 |o FU-2-60 |p 10936 |r 2016-12-01 00:00:00 |w 2016-12-01 |y ARXIU | ||
| 999 | |c 48398 |d 48398 | ||